000 01002nas a2200325 4500
001 BR8707314
003 BR-BrBNA
005 20231205090922.0
007 ta
008 230509b bl.|||p| |||| 00| 00por d
040 _aBR-BrBNA
_bpor
_cBiblioteca Nacional de Agricultura
041 _a(Pt)
072 _aQ54; L02
100 1 _aCavalheiro, A.C.L.
100 1 _aFerreira, C.L.B.
100 1 _aTrindade, D.S.
100 1 _aOliveira, S.C.
100 1 _aCapparelli, P.N.
100 1 _aOliveira, M.F.G. de
245 1 _aAvaliacao de algumas fontes de fosforo em racoes para poedeiras
246 1 _aEvaluation of some phosphorus sources in the diet of the hens
650 _aGALINHA PARA POSTURA
650 _aRACAO
650 _aFOSFORO
650 _aDIETA
650 _aFARINHA DE OSSO
773 0 _tRevista da Sociedade Brasileira de Zootecnia (Brazil)
_xISSN 0100-4859
_g(1986), v. 15(4) p. 269-276
_wBR8707314
909 _a202311
_bLúcia
_c55
_dLúcia Elande
942 _2AGRIS
_n0
_cANA
999 _c121632
_d121632